Principles of cerebrovascular disease

Richly illustrated with 500 illustrations, Principles of Cerebrovascular Disease offers solid clinical coverage of one of the three most prevalent neurologic diseases: stroke and stroke. Logically organized by the way patients present and with an emphasis on diagnosis and management, this resource a...

Cijeli opis

Spremljeno u:
Bibliografski detalji
Glavni autor: Adams, Harold P
Format: Knjiga
Jezik:Undetermined
Izdano: New York McGraw-Hill Medical 2007
Teme:
Oznake: Dodaj oznaku
Bez oznaka, Budi prvi tko označuje ovaj zapis!
Thư viện lưu trữ: Trung tâm Học liệu Trường Đại học Cần Thơ
LEADER 00977nam a2200205Ia 4500
001 CTU_149577
008 210402s9999 xx 000 0 und d
020 |c 174.69 
082 |a 616.81 
082 |b A211 
100 |a Adams, Harold P 
245 0 |a Principles of cerebrovascular disease 
245 0 |c Harold P. Adams, Jr. 
260 |a New York 
260 |b McGraw-Hill Medical 
260 |c 2007 
520 |a Richly illustrated with 500 illustrations, Principles of Cerebrovascular Disease offers solid clinical coverage of one of the three most prevalent neurologic diseases: stroke and stroke. Logically organized by the way patients present and with an emphasis on diagnosis and management, this resource answers every possible clinical question about stroke patients. 
650 |a Cerebrovascular disease,Cerebrovascular Accident,Cerebrovascular Disorders,Bệnh mạch máu não 
904 |i Năm 
980 |a Trung tâm Học liệu Trường Đại học Cần Thơ